| 000 | 00789cam a2200229 4500 | ||
|---|---|---|---|
| 001 | D13997 | ||
| 008 | 071126s1928 xxko f 000 0ceng | ||
| 035 | _a(Sirsi) u12734 | ||
| 041 | _aeng | ||
| 050 | 0 | 4 | _a920 $2 18 |
| 100 | 1 | _aSturge, Elizabeth | |
| 245 | 0 | 0 |
_aReminiscences of my life _band some account of the children of William and Charlotte Sturge and of the Sturge family of Bristol |
| 260 |
_a[Bristol] _b[Elizabeth Sturge] _c1928 |
||
| 300 |
_ax, 202 p. _bill. _c23 cm. |
||
| 350 | _a0 | ||
| 520 | _aAn autobiography which includes an account of the Sturge family and the origins of the firm of J.P. Sturge & Sons. | ||
| 610 | 2 | 4 | _aJ. P. Sturge and Sons |
| 651 | 4 | _aBristol | |
| 690 | _aABOUT RICS-RICS MEMBERS-CHARTERED SURVEYORS | ||
| 942 | _n0 | ||
| 948 | _c04/03/1997 | ||
| 999 |
_c87030 _d87030 |
||